Achieving success in second language acquisition (Record no. 242650)

MARC details
000 -LEADER
fixed length control field 00781nam a2200241Ia 4500
008 - FIXED-LENGTH DATA ELEMENTS--GENERAL INFORMATION
fixed length control field 191130s2005##################000#0#eng##
020 ## - INTERNATIONAL STANDARD BOOK NUMBER
ISBN 9780521837514
082 ## - DEWEY DECIMAL CLASSIFICATION NUMBER
Classification number 418 LEA
100 ## - MAIN ENTRY--AUTHOR NAME
Personal name Leaver, Betty Lou
245 ## - TITLE STATEMENT
Title Achieving success in second language acquisition
Statement of responsibility, etc Betty Lou Leaver, Madeline Ehrman, and Boris Shekhtman
250 ## - EDITION STATEMENT
Edition statement 1st ed
260 ## - PUBLICATION, DISTRIBUTION, ETC. (IMPRINT)
Place of publication Cambridge
Name of publisher Cambridge University Press
Year of publication 2005
300 ## - PHYSICAL DESCRIPTION
Number of Pages xiv, 265 p. ; 25 cm.
500 ## - GENERAL NOTE
General note Includes bibliographical references (p. 248-257) and index
650 ## - SUBJECT ADDED ENTRY--TOPICAL TERM
Topical Term Second language acquisition
700 ## - ADDED ENTRY--PERSONAL NAME
Personal name Ehrman, Madeline Elizabeth
Personal name Shekhtman, Boris
991 ## -
-- 376975
Holdings
Withdrawn status Lost status Damaged status Not for loan Home library Current library Shelving location Date acquired Full call number Accession Number Price effective from Koha item type
        Anna Centenary Library Anna Centenary Library 4TH FLOOR, B WING 13.10.2020 418 LEA 103213 13.10.2020 English Books

Find us on the map